000 00710nam a22002057a 4500
003 OSt
005 20210423054913.0
008 210224s2011 ||||| |||| 00| 0 geo d
020 _a9789941422737
040 _aeng
_beng
_cDLC
041 _ageo
_hfre
080 _a821.353.1
_bბ-47
100 _91092
_aბემბედერი, ფრედერიკ / Bembeder, Frederic
245 _a99 ფრანკი /99 Franc
_c/ by: Palitra L. / პალიტრა L
260 _aთბილისი / Tbilisi
_bPalitra L. / პალიტრა L
_c2011
300 _a203 p.
650 0 _9942
_aGeorgian Literature
653 _aქართული ლიტერატურა
942 _2udc
_cBK
999 _c1683
_d1683